La Campana Catalana : exposició de dibuixos originals, primavera 1980 exposició de dibuixos originals, primavera 1980
Descripción Física:
23 p. : il. ; 22 cm
MARC
| LEADER | 00000nam a2200000Ia 4500 | ||
|---|---|---|---|
| 001 | 7971 | ||
| 008 | 160829s1980 xx 000 0 cat d | ||
| 080 | |a FU-1-35 | ||
| 245 | |a La Campana Catalana : |b exposició de dibuixos originals, primavera 1980 | ||
| 260 | |a Barcelona : |b Diputació de Barcelona. Biblioteca de Catalunya, |c 1980 | ||
| 300 | |a 23 p. : |b il. ; |c 22 cm | ||
| 590 | |a Catàleg de l'exposició | ||
| 650 | |a Campana Catalana |x Exposicions |9 25997 | ||
| 650 | |a Humorisme gràfic català |x Exposicions |9 25998 | ||
| 710 | 1 | |a Biblioteca de Catalunya |9 52741 | |
| 901 | |a Arxiu | ||
| 942 | |n 1 | ||
| 952 | |0 0 |1 0 |4 0 |6 FU135 |7 1 |9 43852 |a Arxiu |b Arxiu |d 2016-12-01 |l 0 |o FU-1-35 |p 7971 |r 2016-12-01 00:00:00 |w 2016-12-01 |y ARXIU | ||
| 999 | |c 46431 |d 46431 | ||